[Event "Brühler SK 1 - SG Niederkassel 1"]
[Site "NRW-Klasse. Gruppe 1 2017/201"]
[Date "2017.09.17"]
[Round "1.7"]
[White "Guelsen, Taylan"]
[Black "Spilles, Matthias"]
[Result "1/2-1/2"]
[WhiteElo "2143"]
[BlackElo "2140"]
[Annotator "Daniel"]
[PlyCount "194"]
[EventDate "2017.??.??"]
[WhiteTeam "SG Niederkassel 1"]
[BlackTeam "Brühler SK 1"]

1. d4 Nf6 2. Nf3 d5 3. c4 e6 4. g3 Be7 5. Bg2 O-O 6. O-O dxc4 7. Qc2 a6 8. a4
Nbd7 9. Nbd2 c5 10. dxc5 Bxc5 11. Nxc4 Qe7 12. Bg5 h6 13. Bd2 Nd5 14. e4 Nb4
15. Qb3 a5 16. e5 Nb6 17. Nxb6 Bxb6 18. Bc3 Bd7 19. Nd4 Bxd4 20. Bxd4 Bc6 21.
Rfc1 Bxg2 22. Kxg2 Rfc8 23. Bb6 Nd5 24. Rxc8+ Rxc8 25. Bxa5 Qg5 $11 26. Bc3
Nf4+ 27. Kh1 Nd3 28. Qxb7 Rd8 29. Qg2 Qf5 30. f4 Nc5 31. a5 Qd3 32. Re1 Na4 33.
Qe4 Qxe4+ 34. Rxe4 Nxc3 35. bxc3 Rd1+ 36. Kg2 Ra1 37. Re2 Rxa5 38. Rc2 Kf8 39.
Kf3 Ke7 40. c4 Kd7 41. Ke4 Ra1 42. Rd2+ Kc7 43. Kd4 Ra4 44. Kc5 Ra5+ 45. Kb4
Ra1 46. Kb5 Rb1+ 47. Kc5 Ra1 48. Rf2 g6 49. g4 Rg1 50. h3 Rg3 51. f5 gxf5 52.
gxf5 Rg5 53. fxe6 Rxe5+ 54. Kd4 Rxe6 55. Rxf7+ Kc6 56. Ra7 Kb6 57. Rh7 Rd6+ 58.
Kc3 Kc5 59. Rc7+ Kb6 60. Rf7 Kc5 61. Rf5+ Kc6 62. Ra5 Kb6 63. Rh5 Kc6 64. Kb4
Rf6 65. Ra5 Kb6 66. c5+ Kb7 67. Ra3 Rf1 68. Rg3 Rb1+ 69. Kc4 Rc1+ 70. Kd4 Rd1+
71. Rd3 Rxd3+ 72. Kxd3 h5 73. h4 Kc7 74. Kd4 Kc6 75. Kc4 Kc7 76. Kd3 Kc6 77.
Kd4 Kc7 78. Kd5 Kd7 79. c6+ Kc7 80. Kc5 Kc8 81. Kd4 Kc7 82. Kd5 Kc8 83. Kc4 Kc7
84. Kc5 Kc8 85. Kd4 Kc7 86. Kd5 Kc8 87. Kd6 Kd8 88. Ke6 Kc7 89. Kf5 Kxc6 90.
Kg5 Kd7 91. Kxh5 Ke7 92. Kg6 Kf8 93. Kh7 Kf7 94. h5 Kf8 95. h6 Kf7 96. Kh8 Kf8
97. h7 Kf7 1/2-1/2

[Event "Brühler SK 1 - SG Niederkassel 1"]
[Site "NRW-Klasse. Gruppe 1 2017/201"]
[Date "2017.09.17"]
[Round "1.8"]
[White "Haskelman, Evgen"]
[Black "Broehl, Stephan"]
[Result "1-0"]
[WhiteElo "2107"]
[BlackElo "2101"]
[PlyCount "91"]
[EventDate "2017.??.??"]
[WhiteTeam "Brühler SK 1"]
[BlackTeam "SG Niederkassel 1"]

1. f4 d5 2. Nf3 Bg4 3. b3 Bxf3 4. exf3 e6 5. Bb2 Nf6 6. Bd3 Bd6 7. g3 Nbd7 8.
Nc3 c6 9. Qe2 O-O 10. Qg2 Qe7 11. O-O-O Ba3 12. g4 Bxb2+ 13. Kxb2 Nc5 14. Be2
d4 15. Ne4 Nfxe4 16. fxe4 Qf6 17. Rdf1 d3+ 18. e5 Qd8 19. Bd1 a5 20. c3 a4 21.
b4 a3+ 22. Kb1 Na6 23. Qe4 c5 24. Rf3 cxb4 25. Rxd3 Qb6 26. Rd6 Qa5 27. c4 Nc5
28. Qe3 Rad8 29. d4 Na4 30. Bxa4 Qxa4 31. Re1 Rxd6 32. exd6 Qc6 33. c5 Qg2 34.
Qe2 Qd5 35. Qe4 Qc4 36. Rc1 Qb5 37. Qc2 Qc6 38. Ka1 Qf3 39. Qd2 Qxg4 40. Rb1 e5
41. dxe5 f6 42. Qd5+ Kh8 43. d7 Rd8 44. e6 Qh3 45. Qb3 Qh5 46. Qe3 1-0

[Event "SV Sundern 1 - SK Königsspringer Iserlo"]
[Site "NRW-Klasse. Gruppe 1 2017/201"]
[Date "2017.09.17"]
[Round "1.1"]
[White "Scheider, Julian"]
[Black "Ionescu, Doru Alexandru"]
[Result "1-0"]
[WhiteElo "2306"]
[BlackElo "2325"]
[PlyCount "81"]
[EventDate "2017.??.??"]
[WhiteTeam "SK Königsspringer Iserlohn 1"]
[BlackTeam "SV Sundern 1"]

1. e4 c5 2. Nf3 Nc6 3. d4 cxd4 4. Nxd4 e5 5. Nb5 d6 6. c4 Be7 7. N1c3 a6 8. Na3
Be6 9. Bd3 Nf6 10. O-O O-O 11. Nc2 Nd7 12. Ne3 Bg5 13. b3 Rc8 14. Bb2 Nc5 15.
Ncd5 Ne7 16. Bc2 b5 17. b4 Nd7 18. cxb5 axb5 19. Bd3 Bxd5 20. Nxd5 Nxd5 21.
exd5 Rb8 22. a4 bxa4 23. Rxa4 f5 24. Ra6 e4 25. Be2 Bf6 26. Bxf6 Qxf6 27. Qa4
Ne5 28. b5 Nd7 29. Rc1 Qg5 30. Qa3 Rf6 31. Rc7 Qd2 32. Bf1 Ne5 33. Ra8 Rbf8 34.
Qa7 Qg5 35. b6 e3 36. f4 Nf3+ 37. Kh1 Qh4 38. Rxg7+ Kh8 39. Rxf8+ Rxf8 40. gxf3
Re8 41. Qa1 1-0

[Event "SV Sundern 1 - SK Königsspringer Iserlo"]
[Site "NRW-Klasse. Gruppe 1 2017/201"]
[Date "2017.09.17"]
[Round "1.2"]
[White "Hristodorescu, Daniel"]
[Black "Eckardt, Joshua"]
[Result "1-0"]
[WhiteElo "2253"]
[BlackElo "2249"]
[PlyCount "73"]
[EventDate "2017.??.??"]
[WhiteTeam "SV Sundern 1"]
[BlackTeam "SK Königsspringer Iserlohn 1"]

1. e4 e6 2. d4 d5 3. Nc3 Nf6 4. e5 Nfd7 5. f4 c5 6. Nf3 Nc6 7. Be3 Be7 8. Qd2
O-O 9. Be2 b6 10. O-O f6 11. exf6 Nxf6 12. Kh1 Bb7 13. Rad1 Ne4 14. Qc1 Nxc3
15. bxc3 Rc8 16. Ne5 Nxe5 17. dxe5 Qe8 18. Qa3 Rc7 19. Bg1 Bc6 20. c4 dxc4 21.
Bxc4 Qg6 22. Qh3 Rf5 23. Rd2 b5 24. Bd3 Rh5 25. Qe3 Qh6 26. Be4 Be8 27. c4 b4
28. g4 Rh3 29. Rf3 Rxf3 30. Qxf3 g6 31. Be3 Qg7 32. f5 Qxe5 33. fxe6 Bg5 34.
Rf2 Be7 35. Bd5 Rc8 36. Bh6 Ba4 37. Qf7+ 1-0

[Event "SV Sundern 1 - SK Königsspringer Iserlo"]
[Site "NRW-Klasse. Gruppe 1 2017/201"]
[Date "2017.09.17"]
[Round "1.3"]
[White "Schmitz, Philipp"]
[Black "Stolte, Alexander"]
[Result "0-1"]
[WhiteElo "2159"]
[BlackElo "2175"]
[Annotator "Daniel"]
[PlyCount "88"]
[EventDate "2017.??.??"]
[WhiteTeam "SK Königsspringer Iserlohn 1"]
[BlackTeam "SV Sundern 1"]

1. e4 c5 2. Nf3 Nc6 3. d4 cxd4 4. Nxd4 Nf6 5. Nc3 e5 6. Ndb5 h6 7. Nd6+ Bxd6 8.
Qxd6 Qe7 9. Qxe7+ Kxe7 10. Be3 d6 11. Be2 b6 12. O-O-O Bb7 13. g4 Nd8 14. Nd5+
Nxd5 15. exd5 f6 16. Bf3 Ne6 17. Be4 Ng5 18. Bg6 Nf3 19. h4 Bc8 20. Bf5 Bxf5
21. gxf5 h5 22. Rd3 e4 23. Ra3 Kf7 24. Ra4 Rhe8 25. Bf4 a5 26. Bxd6 b5 27. Ra3
$11 Red8 28. Bc7 Rxd5 29. Rxa5 Rxa5 30. Bxa5 Rxf5 31. Bc7 Rc5 32. Bb6 Rc6 33.
Be3 Ke6 34. b3 Ke5 35. Kb2 f5 36. Bg5 Nxg5 37. hxg5 g6 38. a4 bxa4 39. bxa4 f4
40. a5 e3 41. fxe3 fxe3 42. Ra1 Kf4 43. a6 e2 44. a7 Rc8 0-1

[Event "SV Sundern 1 - SK Königsspringer Iserlo"]
[Site "NRW-Klasse. Gruppe 1 2017/201"]
[Date "2017.09.17"]
[Round "1.4"]
[White "Tillmann, Markus"]
[Black "Kramps, Rene"]
[Result "0-1"]
[WhiteElo "2084"]
[BlackElo "2036"]
[Annotator "Daniel"]
[PlyCount "80"]
[EventDate "2017.??.??"]
[WhiteTeam "SV Sundern 1"]
[BlackTeam "SK Königsspringer Iserlohn 1"]

1. d4 e6 2. c4 f5 3. Nf3 Nf6 4. g3 Be7 5. Bg2 a5 6. O-O O-O 7. Nc3 d6 8. Qb3
Qe8 9. Ng5 a4 10. Qd1 h6 11. Nf3 Ne4 12. Nb5 Qd8 13. Nd2 c6 14. Na3 d5 15. Nf3
Nd7 16. Qc2 Bxa3 17. bxa3 Nd6 $11 18. cxd5 exd5 19. Bd2 Nc4 20. Bb4 Rf6 21. e3
Qe8 22. Rfc1 b5 23. Re1 Nf8 24. Ne5 h5 25. h4 Nh7 26. Nf3 Rh6 27. Rac1 Nf6 28.
Bf1 Ne4 29. Bxc4 bxc4 30. Kg2 Qe6 31. Rh1 Bd7 32. Ne5 c5 33. Bc3 Be8 34. Rb1
Bg6 35. f4 Nf6 36. Rb5 Ng4 37. Re1 Nxe5 38. fxe5 f4 39. Qf2 Be4+ 40. Kg1 fxg3
0-1

[Event "SV Sundern 1 - SK Königsspringer Iserlo"]
[Site "NRW-Klasse. Gruppe 1 2017/201"]
[Date "2017.09.17"]
[Round "1.5"]
[White "Messarius, Juergen"]
[Black "Plass, Mariana-Camelia"]
[Result "1-0"]
[WhiteElo "2146"]
[BlackElo "2020"]
[PlyCount "81"]
[EventDate "2017.??.??"]
[WhiteTeam "SK Königsspringer Iserlohn 1"]
[BlackTeam "SV Sundern 1"]

1. e4 c5 2. Nf3 d6 3. d4 cxd4 4. Nxd4 Nf6 5. Nc3 a6 6. h3 h5 7. Bg5 Nbd7 8. Qd2
e6 9. g3 Be7 10. Bg2 Nc5 11. O-O Nfxe4 12. Bxe7 Nxd2 13. Bxd8 Kxd8 14. Rfd1 Nc4
15. b3 Ne5 16. f4 Ng6 17. b4 Nd7 18. Ne4 d5 19. Ng5 Ke7 20. Re1 Nf6 21. c4 Rd8
22. c5 Kf8 23. h4 Ne7 24. Ndf3 Nc6 25. Rab1 Kg8 26. a4 Nh7 27. Nh3 Bd7 28. f5
Ne7 29. fxe6 fxe6 30. Nf4 Bxa4 31. Nxe6 Rd7 32. Ne5 Nf5 33. Nxd7 Bxd7 34. Bxd5
Bc6 35. Nd4+ Bxd5 36. Nxf5 Nf6 37. Rbd1 Bf3 38. Rd4 a5 39. bxa5 Rxa5 40. Re7
Rxc5 41. Rd8+ 1-0

[Event "SV Sundern 1 - SK Königsspringer Iserlo"]
[Site "NRW-Klasse. Gruppe 1 2017/201"]
[Date "2017.09.17"]
[Round "1.6"]
[White "Plass, Heinz"]
[Black "Kind, Bertram"]
[Result "1/2-1/2"]
[WhiteElo "2026"]
[BlackElo "2131"]
[PlyCount "55"]
[EventDate "2017.??.??"]
[WhiteTeam "SV Sundern 1"]
[BlackTeam "SK Königsspringer Iserlohn 1"]

1. d4 Nf6 2. c4 e6 3. g3 c5 4. d5 exd5 5. cxd5 d6 6. Nc3 g6 7. Bg2 Bg7 8. Nf3
O-O 9. O-O Na6 10. h3 Re8 11. Nd2 Nc7 12. a4 b6 13. Nc4 Ba6 14. Na3 Qd7 15. Re1
b5 16. axb5 Nxb5 17. Naxb5 Bxb5 18. Nxb5 Qxb5 19. Qa4 Qxa4 20. Rxa4 Nd7 21. Ra6
Nb6 22. Kf1 Re7 23. Bf4 Rd7 24. b3 Re8 25. e4 Ree7 26. Bf3 h6 27. Bg4 Rd8 28.
h4 1/2-1/2

[Event "SV Sundern 1 - SK Königsspringer Iserlo"]
[Site "NRW-Klasse. Gruppe 1 2017/201"]
[Date "2017.09.17"]
[Round "1.7"]
[White "Klauke, Stefan"]
[Black "Schulte, Josef"]
[Result "1/2-1/2"]
[WhiteElo "2091"]
[BlackElo "1982"]
[PlyCount "95"]
[EventDate "2017.??.??"]
[WhiteTeam "SK Königsspringer Iserlohn 1"]
[BlackTeam "SV Sundern 1"]

1. e4 c5 2. d4 cxd4 3. c3 Nf6 4. e5 Nd5 5. Qxd4 e6 6. Bc4 Nc6 7. Qe4 d6 8. Nf3
dxe5 9. Nxe5 Nxe5 10. Qxe5 Qc7 11. Qe2 Be7 12. O-O O-O 13. Rd1 Rd8 14. Bb3 b6
15. Na3 Bxa3 16. Bxd5 exd5 17. bxa3 Qxc3 18. Bb2 Ba6 19. Bxc3 Bxe2 20. Rd2 Bc4
21. f3 Re8 22. Kf2 f6 23. g4 Re6 24. Re1 Rxe1 25. Kxe1 Re8+ 26. Kf2 Re6 27. Bd4
Kf7 28. Rb2 Kg6 29. a4 Re7 30. Bc3 h5 31. h3 hxg4 32. hxg4 f5 33. a5 b5 34.
gxf5+ Kxf5 35. a3 g5 36. Bd4 a6 37. Kg3 Re2 38. Rxe2 Bxe2 39. Kf2 Bd1 40. Ke3
Bb3 41. Bc3 Bd1 42. Bb4 Ke5 43. Bc3+ Kd6 44. Bb4+ Kd7 45. Bd2 Kc6 46. Bb4 g4
47. fxg4 Bxg4 48. Kd4 1/2-1/2

[Event "SV Sundern 1 - SK Königsspringer Iserlo"]
[Site "NRW-Klasse. Gruppe 1 2017/201"]
[Date "2017.09.17"]
[Round "1.8"]
[White "Schober, Ralf"]
[Black "Meinecke, Gerd"]
[Result "1/2-1/2"]
[WhiteElo "1974"]
[BlackElo "1994"]
[PlyCount "93"]
[EventDate "2017.??.??"]
[WhiteTeam "SV Sundern 1"]
[BlackTeam "SK Königsspringer Iserlohn 1"]

1. d4 Nf6 2. Bg5 e6 3. e4 Be7 4. Bd3 b6 5. Nd2 Bb7 6. Ngf3 d6 7. Qe2 Nbd7 8. c3
O-O 9. O-O a6 10. Rfd1 b5 11. a4 bxa4 12. Rxa4 a5 13. Rda1 c5 14. Nb3 cxd4 15.
cxd4 Bc6 16. Rxa5 Qb6 17. Rxa8 Bxa8 18. Nfd2 Bb7 19. h3 Nb8 20. Be3 Rc8 21. Kh2
d5 22. e5 Nfd7 23. Nc1 Nc6 24. Nf3 f6 25. Bb5 Qc7 26. Bxc6 Bxc6 27. Nd3 Bb5 28.
Bf4 Bxd3 29. Qxd3 fxe5 30. Rc1 Qb8 31. Rxc8+ Qxc8 32. Bxe5 Nxe5 33. Nxe5 Qb8
34. Qa6 Bd6 35. f4 g5 36. Qc6 gxf4 37. Qd7 f3 38. Qxe6+ Kh8 39. Kg3 fxg2 40.
Qf6+ Kg8 41. Qf7+ Kh8 42. Qf6+ Kg8 43. Kxg2 Qxb2+ 44. Kh1 Qc1+ 45. Kg2 Qd2+ 46.
Kf3 Qc3+ 47. Kg2 1/2-1/2

[Event "Bielefelder SK 1 - SF Lieme 1"]
[Site "NRW-Klasse. Gruppe 1 2017/201"]
[Date "2017.09.17"]
[Round "1.1"]
[White "Niermann, Tristan"]
[Black "Forchert, Martin"]
[Result "1-0"]
[WhiteElo "2178"]
[BlackElo "2252"]
[PlyCount "77"]
[EventDate "2017.??.??"]
[WhiteTeam "SF Lieme 1"]
[BlackTeam "Bielefelder SK 1"]

1. d4 Nf6 2. Bf4 g6 3. Nc3 d5 4. Qd2 Ne4 5. Nxe4 dxe4 6. O-O-O Qd5 7. Kb1 Na6
8. e3 Bg7 9. f3 exf3 10. gxf3 O-O 11. e4 Qh5 12. Bc4 c5 13. d5 Bd7 14. Ne2 Qh3
15. Ng3 Be8 16. Rdg1 Kh8 17. Bf1 Qd7 18. h4 e6 19. Bh6 Rg8 20. c4 f6 21. Bh3
Nc7 22. h5 g5 23. Bxg7+ Rxg7 24. Qc3 Qf7 25. h6 Rg8 26. d6 Na6 27. e5 Bc6 28.
exf6 Rg6 29. Nh5 e5 30. Qxe5 Re8 31. Qc3 Rxh6 32. Ng7 Rf8 33. Ne6 Qg6+ 34. Ka1
Rxf6 35. Rxg5 Qf7 36. Rg7 Qxe6 37. Rhg1 Qe8 38. d7 Qf8 39. Rg8+ 1-0

[Event "Bielefelder SK 1 - SF Lieme 1"]
[Site "NRW-Klasse. Gruppe 1 2017/201"]
[Date "2017.09.17"]
[Round "1.2"]
[White "Gruen, Gerd-Peter"]
[Black "Wittke, Rene"]
[Result "1/2-1/2"]
[WhiteElo "2215"]
[BlackElo "2215"]
[Annotator "Daniel"]
[PlyCount "84"]
[EventDate "2017.??.??"]
[WhiteTeam "Bielefelder SK 1"]
[BlackTeam "SF Lieme 1"]

1. d4 Nf6 2. Nf3 e6 3. Bf4 b5 4. e3 a6 5. a4 b4 6. Bd3 c5 7. O-O Nc6 8. c3 Bb7
9. Nbd2 d5 10. Ne5 Nd7 11. Nxc6 Bxc6 12. e4 Nf6 13. Bg5 cxd4 14. cxd4 dxe4 15.
Bxe4 Bxe4 16. Nxe4 Be7 17. Bxf6 Bxf6 18. d5 Bxb2 19. Rb1 exd5 20. Rxb2 dxe4 21.
Rxb4 O-O $11 22. Rxe4 Re8 23. Rxe8+ Qxe8 24. Re1 Qc6 25. Qd4 Re8 26. Rxe8+ Qxe8
27. g3 g6 28. h4 h5 29. Kg2 Qc6+ 30. Kf1 Qe6 31. Qf4 Kf8 32. f3 Ke8 33. g4 Qd5
34. Kf2 Kf8 35. Qh6+ Kg8 36. gxh5 Qd4+ 37. Kg3 Qg1+ 38. Kh3 Qf1+ 39. Kg3 Qe1+
40. Kh3 Qf1+ 41. Kg3 Qg1+ 42. Kh3 Qf1+ 1/2-1/2

[Event "Bielefelder SK 1 - SF Lieme 1"]
[Site "NRW-Klasse. Gruppe 1 2017/201"]
[Date "2017.09.17"]
[Round "1.3"]
[White "Essing, Arnold"]
[Black "Kruse, Herbert"]
[Result "0-1"]
[WhiteElo "2190"]
[BlackElo "2170"]
[PlyCount "80"]
[EventDate "2017.??.??"]
[WhiteTeam "SF Lieme 1"]
[BlackTeam "Bielefelder SK 1"]

1. d4 Nf6 2. Nf3 e6 3. g3 b5 4. Bg2 Bb7 5. O-O c5 6. e3 Nc6 7. b3 d5 8. Bb2 Rc8
9. Qe2 Qb6 10. Rd1 b4 11. Ne5 cxd4 12. exd4 Ba6 13. Qd2 Nxe5 14. dxe5 Ng4 15.
h3 Qxf2+ 16. Qxf2 Nxf2 17. Kxf2 Rxc2+ 18. Rd2 Bc5+ 19. Kf3 Rxb2 20. Rxb2 Bd4
21. a3 Bxb2 22. Ra2 Bd4 23. axb4 Bd3 24. Na3 Be4+ 25. Kf4 f6 26. exf6 e5+ 27.
Kg4 h5+ 28. Kh4 gxf6 29. Bxe4 dxe4 30. Nb5 e3 31. g4 Kd7 32. Kg3 hxg4 33. hxg4
Kc6 34. Nxd4+ exd4 35. Kf3 Kb5 36. Rxa7 Kxb4 37. Rc7 Kxb3 38. Rc6 Rh2 39. Ke4
Rd2 40. Kf3 Rf2+ 0-1

[Event "Bielefelder SK 1 - SF Lieme 1"]
[Site "NRW-Klasse. Gruppe 1 2017/201"]
[Date "2017.09.17"]
[Round "1.4"]
[White "Simon, Hans Christian"]
[Black "Wolf, Andre"]
[Result "1/2-1/2"]
[WhiteElo "2141"]
[BlackElo "2160"]
[PlyCount "39"]
[EventDate "2017.??.??"]
[WhiteTeam "Bielefelder SK 1"]
[BlackTeam "SF Lieme 1"]

1. Nf3 d5 2. c4 d4 3. e3 Nc6 4. exd4 Nxd4 5. Nxd4 Qxd4 6. Nc3 c6 7. d3 Nh6 8.
Be3 Qd8 9. d4 Nf5 10. Qd2 g6 11. Be2 Bg7 12. Rd1 O-O 13. Ne4 Nxe3 14. fxe3 Bf5
15. Ng3 Bd7 16. O-O Qc7 17. Ne4 Bf5 18. Ng3 Bd7 19. Ne4 Bf5 20. Ng3 1/2-1/2

[Event "Bielefelder SK 1 - SF Lieme 1"]
[Site "NRW-Klasse. Gruppe 1 2017/201"]
[Date "2017.09.17"]
[Round "1.5"]
[White "Schaffarczyk, Andre"]
[Black "Goeßling, Guido"]
[Result "1-0"]
[WhiteElo "2083"]
[BlackElo "2128"]
[PlyCount "59"]
[EventDate "2017.??.??"]
[WhiteTeam "SF Lieme 1"]
[BlackTeam "Bielefelder SK 1"]

1. e4 e5 2. Nf3 Nc6 3. Bc4 Bc5 4. c3 Nf6 5. d4 exd4 6. e5 d5 7. Bb5 Ne4 8. cxd4
Bb4+ 9. Bd2 Bxd2+ 10. Nbxd2 O-O 11. Bxc6 bxc6 12. O-O Rb8 13. Nb3 Bg4 14. Qd3
Bxf3 15. Qxf3 f6 16. Qe3 fxe5 17. dxe5 Qe7 18. f3 Nd6 19. Na5 Nf5 20. Qc3 Qg5
21. Nxc6 Rb6 22. f4 Qg6 23. Rac1 Kh8 24. Qa3 Re8 25. Qc3 Nh4 26. Rf2 h6 27. Nd4
Rf8 28. Rcc2 c6 29. Qa3 Rf7 30. e6 1-0

[Event "Bielefelder SK 1 - SF Lieme 1"]
[Site "NRW-Klasse. Gruppe 1 2017/201"]
[Date "2017.09.17"]
[Round "1.6"]
[White "Forchert, Niko"]
[Black "Mbarek, Najd"]
[Result "0-1"]
[WhiteElo "2085"]
[BlackElo "2039"]
[PlyCount "90"]
[EventDate "2017.??.??"]
[WhiteTeam "Bielefelder SK 1"]
[BlackTeam "SF Lieme 1"]

1. d4 Nf6 2. Nf3 d5 3. Bg5 c6 4. Nbd2 Bf5 5. e3 Nbd7 6. Be2 h6 7. Bf4 e6 8. c3
Be7 9. O-O O-O 10. Ne5 Ne4 11. Nxe4 Bxe4 12. Qb3 f6 13. Nf3 b5 14. Nd2 Bg6 15.
e4 Nb6 16. Rfe1 Bd6 17. Bxd6 Qxd6 18. exd5 exd5 19. Qd1 Rfe8 20. Nf1 Re7 21.
Qd2 Rae8 22. Ne3 Qf4 23. b3 Qg5 24. Bd3 Bxd3 25. Qxd3 Nc8 26. Re2 Nd6 27. Rae1
Re4 28. Nf1 f5 29. f3 R4e7 30. Rxe7 Rxe7 31. Rxe7 Qxe7 32. g3 Kf7 33. Qd2 g5
34. h3 Kf6 35. Kf2 Qe6 36. Qe3 h5 37. Nd2 Qxe3+ 38. Kxe3 f4+ 39. Kf2 fxg3+ 40.
Kxg3 Kf5 41. Nf1 Kf6 42. Nd2 b4 43. cxb4 Nf5+ 44. Kf2 Nxd4 45. Ke3 Nc2+ 0-1

[Event "Bielefelder SK 1 - SF Lieme 1"]
[Site "NRW-Klasse. Gruppe 1 2017/201"]
[Date "2017.09.17"]
[Round "1.7"]
[White "Stukenbrok, Nils"]
[Black "Roemhild, Marcus"]
[Result "1-0"]
[WhiteElo "1997"]
[BlackElo "2035"]
[PlyCount "42"]
[EventDate "2017.??.??"]
[WhiteTeam "SF Lieme 1"]
[BlackTeam "Bielefelder SK 1"]

1. d4 Nf6 2. c4 c5 3. d5 b5 4. cxb5 a6 5. bxa6 Bxa6 6. Nc3 g6 7. e4 Bxf1 8.
Kxf1 d6 9. Nf3 Bg7 10. g3 O-O 11. Kg2 Nbd7 12. h3 Nb6 13. Re1 Nfd7 14. Bf4 Nc4
15. Qe2 Nce5 16. Nxe5 Nxe5 17. a4 Qa5 18. Bd2 Qb4 19. Nd1 Qb3 20. Ra3 Qc2 21.
Bc3 Nd3 1-0

[Event "Bielefelder SK 1 - SF Lieme 1"]
[Site "NRW-Klasse. Gruppe 1 2017/201"]
[Date "2017.09.17"]
[Round "1.8"]
[White "Gruettemeier, Uwe"]
[Black "Stork, Joachim"]
[Result "1/2-1/2"]
[WhiteElo "2009"]
[BlackElo "1946"]
[PlyCount "51"]
[EventDate "2017.??.??"]
[WhiteTeam "Bielefelder SK 1"]
[BlackTeam "SF Lieme 1"]

1. d4 f5 2. Nf3 Nf6 3. g3 e6 4. Bg2 Be7 5. O-O O-O 6. c4 d6 7. b3 Qe8 8. Qc2
Nbd7 9. Bb2 Ne4 10. Nc3 Ndf6 11. Nd2 Nxd2 12. Qxd2 Qg6 13. Qd3 Nh5 14. Rad1 c6
15. Ba3 Bd7 16. e4 Rae8 17. exf5 exf5 18. Rfe1 Bd8 19. Bf3 Bc7 20. b4 Nf4 21.
Qd2 Nh3+ 22. Kg2 Ng5 23. Rxe8 Rxe8 24. Qf4 Nxf3 25. Qxf3 Qf7 26. d5 1/2-1/2

[Event "SF Brackel 1 - SV Erkenschwick 1"]
[Site "NRW-Klasse. Gruppe 1 2017/201"]
[Date "2017.10.15"]
[Round "2.1"]
[White "Ris, Robert"]
[Black "Luft, Dennis"]
[Result "1/2-1/2"]
[WhiteElo "2381"]
[BlackElo "2245"]
[PlyCount "92"]
[EventDate "2017.??.??"]
[WhiteTeam "SV Erkenschwick 1"]
[BlackTeam "SF Brackel 1"]

1. d4 d5 2. Bf4 Nf6 3. e3 c5 4. c3 Nc6 5. Nd2 Qb6 6. Qb3 Bf5 7. dxc5 Qxb3 8.
axb3 e5 9. Bg3 Bxc5 10. b4 Bd6 11. Ngf3 Nh5 12. Bb5 f6 13. O-O a6 14. Ba4 Ke7
15. Rfd1 Rhd8 16. Bb3 Bc7 17. Nf1 Be6 18. Rd2 Kf7 19. Rad1 Ne7 20. h3 g5 21.
Bh2 Ng7 22. Ng3 h5 23. Ne2 Rac8 24. Ne1 g4 25. Nd3 Bb6 26. hxg4 hxg4 27. Ng3
Rh8 28. Nc5 Bxc5 29. bxc5 Rxc5 30. f3 gxf3 31. gxf3 Ngf5 32. Nxf5 Nxf5 33. e4
Nh4 34. Rd3 Rg8+ 35. Kh1 Bh3 36. Rxd5 Bg2+ 37. Kg1 Bxf3+ 38. Kf1 Rxd5 39. Bxd5+
Kf8 40. Bxg8 Bxd1 41. Bd5 Nf3 42. Bg3 b5 43. b4 Ke7 44. Kf2 Ng5 45. Ke3 Kd6 46.
Bb7 Bc2 1/2-1/2

[Event "SF Brackel 1 - SV Erkenschwick 1"]
[Site "NRW-Klasse. Gruppe 1 2017/201"]
[Date "2017.10.15"]
[Round "2.2"]
[White "Fluechter, Gregor"]
[Black "Jens, Jelmer"]
[Result "0-1"]
[WhiteElo "2144"]
[BlackElo "2413"]
[PlyCount "78"]
[EventDate "2017.??.??"]
[WhiteTeam "SF Brackel 1"]
[BlackTeam "SV Erkenschwick 1"]

1. e4 e5 2. Nf3 Nc6 3. Bc4 Bc5 4. c3 Nf6 5. d4 exd4 6. e5 d5 7. Bb5 Ne4 8. cxd4
Bb6 9. h3 O-O 10. Nc3 f5 11. exf6 Rxf6 12. Be3 Bf5 13. Rc1 Ne7 14. Bd3 Qd6 15.
Qc2 Ng3 16. Rg1 Bxd3 17. Qxd3 Ngf5 18. Kd2 Nc6 19. a3 Na5 20. Kc2 Nc4 21. Kb1
c6 22. Bg5 Rf7 23. Ne2 Qg6 24. Nf4 Qd6 25. Ne2 Re8 26. Bf4 Qg6 27. Be5 Nxd4 28.
Qxg6 hxg6 29. Nexd4 Nxe5 30. Rge1 Rfe7 31. Rc2 Nd3 32. Rd1 Nf4 33. g3 Nxh3 34.
Ka2 Rf8 35. Nh4 Rxf2 36. Nxg6 Re4 37. Rh1 Bxd4 38. Rxf2 Nxf2 39. Rh8+ Kf7 0-1

[Event "SF Brackel 1 - SV Erkenschwick 1"]
[Site "NRW-Klasse. Gruppe 1 2017/201"]
[Date "2017.10.15"]
[Round "2.3"]
[White "Erwich, Frank"]
[Black "Kartsev, Soel"]
[Result "1-0"]
[WhiteElo "2313"]
[BlackElo "2164"]
[PlyCount "61"]
[EventDate "2017.??.??"]
[WhiteTeam "SV Erkenschwick 1"]
[BlackTeam "SF Brackel 1"]

1. e4 c5 2. Nf3 d6 3. Bb5+ Bd7 4. Bxd7+ Qxd7 5. c4 g6 6. d4 Bg7 7. d5 Na6 8.
O-O Nc7 9. Re1 e5 10. dxe6 fxe6 11. e5 d5 12. cxd5 Nxd5 13. Nbd2 Nge7 14. Ne4
O-O 15. Nxc5 Qc6 16. Ne4 Rad8 17. Qb3 h6 18. Nd4 Qc8 19. Nf6+ Kh8 20. Qh3 Nxf6
21. exf6 Rxf6 22. Bxh6 Bxh6 23. Qxh6+ Kg8 24. Re4 Rf7 25. Rh4 Rg7 26. Nxe6 Qxe6
27. Qh8+ Kf7 28. Qxd8 g5 29. Rh3 Nc6 30. Rf3+ Kg6 31. Qd3+ 1-0

[Event "SF Brackel 1 - SV Erkenschwick 1"]
[Site "NRW-Klasse. Gruppe 1 2017/201"]
[Date "2017.10.15"]
[Round "2.4"]
[White "Steinmetzer, Thomas"]
[Black "Langers, Alexander"]
[Result "0-1"]
[WhiteElo "2198"]
[BlackElo "2166"]
[PlyCount "62"]
[EventDate "2017.??.??"]
[WhiteTeam "SF Brackel 1"]
[BlackTeam "SV Erkenschwick 1"]

1. e4 c5 2. Nf3 e6 3. d4 cxd4 4. Nxd4 Nc6 5. Nxc6 bxc6 6. Bd3 d5 7. O-O Nf6 8.
exd5 cxd5 9. c4 Be7 10. Nc3 O-O 11. Bf4 Bb7 12. Qe2 Rc8 13. Rfd1 Qb6 14. Be3
Qa5 15. a3 dxc4 16. Bxc4 Rfd8 17. Rxd8+ Rxd8 18. Nb5 a6 19. Nd4 Nd5 20. b4 Qa4
21. Nb3 Nxe3 22. fxe3 Bd5 23. Kf2 h6 24. Ra2 Rc8 25. Bxd5 exd5 26. Na5 Qd7 27.
Rd2 Rc3 28. Qf3 Bg5 29. Rxd5 Qe6 30. Rxg5 hxg5 31. Nb7 Qe5 0-1

[Event "SF Brackel 1 - SV Erkenschwick 1"]
[Site "NRW-Klasse. Gruppe 1 2017/201"]
[Date "2017.10.15"]
[Round "2.5"]
[White "Homs, Guust"]
[Black "Kartsev, Alexander"]
[Result "1-0"]
[WhiteElo "2152"]
[BlackElo "2158"]
[PlyCount "159"]
[EventDate "2017.??.??"]
[WhiteTeam "SV Erkenschwick 1"]
[BlackTeam "SF Brackel 1"]

1. e4 c6 2. d4 d5 3. exd5 cxd5 4. Bd3 Nc6 5. c3 Nf6 6. Bf4 Bg4 7. Qb3 Na5 8.
Qa4+ Bd7 9. Qc2 Qb6 10. Nf3 Bb5 11. Nbd2 e6 12. O-O Be7 13. b4 Bxd3 14. Qxd3
Nc6 15. Nb3 Nh5 16. Bg5 Qc7 17. Bxe7 Nxe7 18. Ne5 O-O 19. Rac1 Rac8 20. Nc5 b6
21. Ncd7 Rfd8 22. Qf3 Nf5 23. Qxh5 Rxd7 24. Nxd7 Qxd7 25. Qd1 Nd6 26. Re1 Nc4
27. Re2 a6 28. a4 Qe7 29. g3 Qf6 30. Qd3 g6 31. Kg2 Kg7 32. h4 Qd8 33. h5 Qg5
34. Rh1 b5 35. hxg6 hxg6 36. axb5 axb5 37. Ra2 Nd6 38. Ra7 Ne4 39. Qf3 Nd6 40.
Rd7 Rc6 41. Ra1 Qf5 42. Qxf5 Nxf5 43. Ra3 Nd6 44. f3 Kf6 45. Raa7 g5 46. g4 Kg6
47. Rdc7 Rb6 48. Kf2 Kf6 49. Ke3 Nc4+ 50. Kd3 Nd6 51. Rd7 Rc6 52. Ra5 Rb6 53.
Rxd6 Rxd6 54. Rxb5 Ra6 55. Ra5 Rb6 56. b5 Rb7 57. c4 dxc4+ 58. Kxc4 Ke7 59. Ra6
Rc7+ 60. Kb4 Rc1 61. Ra7+ Kd6 62. Rxf7 Rb1+ 63. Ka5 Ra1+ 64. Kb6 Ra4 65. Kb7
Rxd4 66. b6 Rb4 67. Ka7 Kc6 68. Rc7+ Kd6 69. Rc3 Ra4+ 70. Kb8 e5 71. b7 Rf4 72.
Ka7 Ra4+ 73. Kb6 Rb4+ 74. Ka6 e4 75. fxe4 Ke5 76. Rc5+ Kxe4 77. Rb5 Ra4+ 78.
Kb6 Kf4 79. b8=Q+ Kxg4 80. Qe5 1-0